Recommended Childhood Vaccines for Americans - Statistics

General Stats
  • This quiz has been taken 14,752 times
    14,697 since last reset
  • The average score is 9 of 17
Answer Stats
Age at First Shot Vaccination % Correct
1 year Measles
80%
2 months Polio
79%
2 months Haemophilus influenzae
78%
6 months Influenza
78%
1 year Mumps
72%
birth Smallpox
70%
1 year Chicken Pox
67%
1 year Rubella
65%
2 months Tetanus
63%
1 year Hepatitis A
48%
birth Hepatitis B
48%
11-12 years HPV
48%
1 year Meningococcus
37%
2 months Whooping Cough
35%
2 months Diphtheria
32%
2 months Pneumococcus
17%
2 months Rotavirus
10%
No matching quizzes found
Score Distribution
Percent of People with Each Score
Percentile by Number Answered
Your Score History
You have not taken this quiz since the last reset